000 00533nam 22001933 4500
001 200429
010 _a978-989-8013-74-3
021 _aPT
_b289 161/09
090 _a200429
100 _a20260205d u||y0pory50 ba
200 _aReiki para todos
_ee em especial para crianças
_fFilipa Rodrigues
210 _aLisboa
_cArteplural
_d2009
215 _a119 p.
_cil. ; brochado
_d23 cm
606 _9927
_aMedicina
675 _a61
_vPT
_zpor
700 _916233
_aRodrigues
_bFilipa
801 _aPT
_bBMMN
_gRPC
830 _cAna
_fAna
990 _cLIVROS